Superare la crisi di coppia. (Record n. 360608)

Dettagli MARC
000 -LEADER
campo di controllo lung. fissa 01277nam a22002057a 4500
003 - Identificatore del numero di controllo
campo di controllo IT-MiCISF
005 - Data e orario dell'ultima transazione
campo di controllo 20250911143520.0
008 - Elementi di lunghezza fissa--Informazione generale
campo di controllo lung. fissa 250911b |||||||| |||| 00| 0 eng d
020 ## - ISBN (International Standard Book Number)
ISBN (International Standard Book Number) 9788892243835
040 ## - Fonte della catalogazione
Agenzia che fa la trascrizione IT-MiCISF
100 ## - Accesso principale -- nome di persona
Nome di persona Parente Flavio
9 (RLIN) 62592
245 ## - Formulazione del titolo
Titolo Superare la crisi di coppia.
Complemento del titolo Un percorso di rinascita tra psicologia e spiritualità
260 ## - Pubblicazione, distribuzione, ecc. (stampa)
Luogo di pubblicazione, distribuzione, ecc. Cinisello B. (MI),
Nome dell'editore, distributore, ecc. San Paolo,
Data di pubblicazione, distribuzione, ecc. 2024
300 ## - Descrizione fisica
Estensione pp. 157
500 ## - Nota generale
Nota generale coppia, conflitto, psicologia, spiritualità-coniugale
520 ## - Riassunto, ecc.
Nota di riassunto, ecc. Piuttosto che una condanna o una pietra da scagliare, il conflitto di coppia può e deve essere un’opportunità di cambiamento, un germoglio da far fiorire. Questo libro esplora, con strumenti psicologici (in particolare l’approccio sistemico- relazionale) e teologici, l’arco temporale (ed emotivo) attraversato nel matrimonio: con linguaggio pratico e domande operative, Flavio Parente spiega i meccanismi psicologici (bias cognitivi) che intrappolano i coniugi e impediscono loro di perdonarsi ed evolvere. Gli approfondimenti tecnici sono arricchiti da alcune letture tratte dalla Bibbia e dal Vangelo, che offrono una prospettiva spirituale al dialogo della coppia.
650 ## - Accesso aggiunto di soggetto--termine topico
Termine topico o nome geografico come accesso Coppia
9 (RLIN) 56068
654 ## - Accesso aggiunto di soggetto--termini topici faccettati
Termine principale saggio
942 ## - Dati aggiuntivi (Koha)
Fonte della classificazione o dello schema di collocazione (segnatura) Dewey Decimal Classification
Tipo copia default (Koha) LIBRO
Dati di copia
Ritirato (status) Perso (status) Fonte della classificazione o dello schema di collocazione (segnatura) Danneggiato (status) Non per il presito Biblioteca proprietaria Biblioteca in cui si trova Data d'acquisizione Totale prestiti Collocazione Codice a barre Data ultima operazione Prezzo in vigore dal Tipo copia default (Koha)
    Dewey Decimal Classification Buone Condizioni Not For Loan CISF - Milano CISF - Milano 11/09/2025   B7886 9788892243835 11/09/2025 11/09/2025 LIBRO
CREDITS: SOCIETA' SAN PAOLO Via A.Severo, 58 - ROMA (RM) & PERIODICI SAN PAOLO SRL Via Giotto, 36 MILANO & CISF Via Giotto, 36 MILANO & EDIZIONI SAN PAOLO SRL,  Piazza Soncino, 5 CINISELLO BALSAMO (MI) -- ITALY